000 01118nam a2200301Ia 4500
003 OSt
005 20221007125727.0
006 a|||||r|||| 00| 0
007 ta
008 221006b |||||||| |||| 00| 0 eng d
020 _a0195687086 (pbk)
_cRs.495.00
024 _a77348
037 _b334, 30/03/2007, Educational Book Agency (India)
_cTextbook
040 _aCDL
_cCDL
_beng
041 _2eng
_aeng
082 _aE:(B28), P6;2 Carc
100 _aHibbert D Brynn
_9721336
245 0 _aData analysis for chemistry:an introductory guide for students and laboratory scientists
_b Gooding J Justin
260 _aOxford
_bOxford University Press
_c2006
300 _axii,177p.
_ccm.
500 _aAppendix 165-168p; Bibliography 169-172p; Index 173-177p
650 _a Analysis of varience
_9722384
650 _a Chemistry-statistical methods
_9722385
650 _aChemistry
700 _a Gooding J Justin
_9722386
942 _hE:(B28), P6;2 Carc
_cTB
_2CC
999 _c1215777
_d1215777